| 000 | 01525nam2a22002771 4500 | ||
|---|---|---|---|
| 001 | rc\524661 | ||
| 005 | 20250621165834.0 | ||
| 010 |
_a5-247-02113-4 _9600 |
||
| 035 | _a(NLR Aleph) 005817914 | ||
| 090 |
_a5449217 _c5449217 |
||
| 100 | _a20030616d1991 |||y0rusy50 ca | ||
| 101 | 0 | _arus | |
| 102 | _aRU | ||
| 105 | _aa ||||||||| | ||
| 200 | 1 |
_aФораминиферы мезозоя _fВсесоюз. нефт. н.-и. геол.-развед. ин-т _g[А.Я. Азбель и др.] |
|
| 210 |
_d1991 _aБ. м. |
||
| 215 |
_a373, [2] с. _cил., карт. |
||
| 300 | _aВ надзаг. также: АН СССР, Гос. ком. по нар. образованию | ||
| 320 | _aБиблиогр. в конце разделов | ||
| 461 | 0 |
_1001rc\524657 _12001#$aПрактическое руководство по микрофауне СССР$eСправ. для палеонтологов и геологов$eВ 9 ч.$fВсесоюз. н.-и. геол. ин-т им. А.П. Карпинского$gГл. ред. Б.С. Соколов$vТ. 5 _95449182 _cЛ. _d1987- _fВсесоюз. н.-и. геол. ин-т им. А.П. Карпинского _nНедра. Ленингр. отд-ние _oСправ. для палеонтологов и геологов : В 9 ч. _tПрактическое руководство по микрофауне СССР _vТ. 5 |
|
| 702 | 1 |
_aАзбель _bА.Я. _4220 |
|
| 801 | 0 |
_aRU _bNLR _gpsbo |
|
| 801 | 1 |
_aRU _bELAR _2rusmarc |
|
| 852 |
_aNLR _j87-7/361 |
||
| 942 | _cBOOK | ||
| 980 | _aNB | ||